Intra - Industry trade

محفوظ في:
التفاصيل البيبلوغرافية
المؤلف الرئيسي: Grubel, Herbert G.
التنسيق: كتاب
اللغة:Undetermined
منشور في: New York Macmillan 1975
الموضوعات:
الوسوم: إضافة وسم
لا توجد وسوم, كن أول من يضع وسما على هذه التسجيلة!
Thư viện lưu trữ: Trung tâm Học liệu Trường Đại học Cần Thơ
LEADER 00452nam a2200169Ia 4500
001 CTU_79646
008 210402s9999 xx 000 0 und d
082 |a 382 
082 |b G885 
100 |a Grubel, Herbert G. 
245 0 |a Intra - Industry trade 
245 0 |c Herbert G. Grubel, P. J. Lloyd 
260 |a New York 
260 |b Macmillan 
260 |c 1975 
650 |a Commercial policy 
980 |a Trung tâm Học liệu Trường Đại học Cần Thơ